00612nam a2200181Ia 450000500170000000800410001708200190005824501100007726000430018730000170023065000210024765000130026865000100028170000230029194200060031495200950032099900150041520250324063812.0240331s9999 xx 000 0 und d a303bSOC21013 0aSocial Movements in India:bStudies in Peasant, Backward Classes, Sectarian, Tribal and Women's Movements aNew Delhi,bManohar Publicationsc1979 axxx, 435 p., aSocial Movements aReligion aWomen aRao, M. S. A eedt cL 001040708LaWERCLbWERCLcSSCd2024-03-31l0o 303 SOCp1013r2024-03-31w2024-03-31yL c1211d1211